[Event "Eliminacje Strefowe do MPJ WP+ZP - D-13"]
[Site "Skorzecin"]
[Date "2018.09.26"]
[Round "4.1"]
[White "Cieslak, Emilia"]
[Black "Barwinska, Ewa"]
[Result "0-1"]
[BlackElo "1532"]
[WhiteElo "1137"]
[LiveChessVersion "1.4.8"]

1. e4 {[%clk 1:30:57]} c5 {[%clk 1:30:47]} 2. Nf3 {[%clk 1:31:20]} d6
{[%clk 1:31:06]} 3. d4 {[%clk 1:31:39]} cxd4 {[%clk 1:31:27]} 4. Nxd4
{[%clk 1:32:04]} Nf6 {[%clk 1:31:44]} 5. Nc3 {[%clk 1:32:27]} a6 {[%clk 1:31:49]}
6. Be3 {[%clk 1:32:42]} e5 {[%clk 1:30:59]} 7. Nb3 {[%clk 1:32:37]} Be6
{[%clk 1:30:18]} 8. f3 {[%clk 1:32:39]} Be7 {[%clk 1:29:46]} 9. Qd2
{[%clk 1:32:08]} b5 {[%clk 1:26:01]} 10. g4 {[%clk 1:28:03]} O-O {[%clk 1:23:46]}
11. g5 {[%clk 1:27:02]} b4 {[%clk 1:21:35]} 12. Ne2 {[%clk 1:27:08]} Ne8
{[%clk 1:17:15]} 13. f4 {[%clk 1:23:43]} exf4 {[%clk 1:14:22]} 14. Bxf4
{[%clk 1:23:27]} Nc6 {[%clk 1:09:08]} 15. h4 {[%clk 1:19:30]} a5 {[%clk 1:08:02]}
16. h5 {[%clk 1:13:43]} d5 {[%clk 1:03:29]} 17. e5 {[%clk 1:06:19]} a4
{[%clk 0:56:42]} 18. Nbd4 {[%clk 1:04:13]} Nxd4 {[%clk 0:54:34]} 19. Nxd4
{[%clk 1:03:53]} a3 {[%clk 0:52:20]} 20. b3 {[%clk 1:02:05]} Qc7 {[%clk 0:51:14]}
21. Rc1 {[%clk 0:54:50]} Qc3 {[%clk 0:47:48]} 22. Qxc3 {[%clk 0:54:16]} bxc3
{[%clk 0:48:09]} 23. Bh3 {[%clk 0:50:57]} Nc7 {[%clk 0:45:30]} 24. Rd1
{[%clk 0:46:42]} Bc5 {[%clk 0:39:36]} 25. Ne2 {[%clk 0:44:52]} Nb5
{[%clk 0:37:49]} 26. Bg2 {[%clk 0:40:25]} Rad8 {[%clk 0:37:01]} 27. Bh3
{[%clk 0:35:25]} d4 {[%clk 0:34:09]} 28. Rd3 {[%clk 0:32:58]} Bd5
{[%clk 0:34:16]} 29. Rf1 {[%clk 0:28:13]} Be4 {[%clk 0:34:29]} 30. Rg3
{[%clk 0:27:55]} Bxc2 {[%clk 0:34:33]} 31. Nc1 {[%clk 0:27:55]} d3
{[%clk 0:34:36]} 32. Bd2 {[%clk 0:27:25]} cxd2+ {[%clk 0:34:51]} 33. Kxd2
{[%clk 0:27:50]} Bb4+ {[%clk 0:35:14]} 34. Ke3 {[%clk 0:27:50]} d2
{[%clk 0:35:28]} 35. Ne2 {[%clk 0:27:48]} d1=Q {[%clk 0:35:15]} 36. Rxd1
{[%clk 0:28:09]} Rxd1 {[%clk 0:35:36]} 0-1

[Event "Eliminacje Strefowe do MPJ WP+ZP - D-13"]
[Site "Skorzecin"]
[Date "2018.09.26"]
[Round "4.3"]
[White "Miranowska, Anna"]
[Black "Zalog, Aleksandra"]
[Result "1-0"]
[BlackElo "1121"]
[WhiteElo "1339"]
[LiveChessVersion "1.4.8"]

1. d4 {[%clk 1:30:59]} d5 {[%clk 1:30:33]} 2. Nf3 {[%clk 1:31:25]} c5
{[%clk 1:30:20]} 3. c4 {[%clk 1:25:46]} e6 {[%clk 1:27:20]} 4. cxd5
{[%clk 1:23:42]} exd5 {[%clk 1:27:00]} 5. Nc3 {[%clk 1:23:23]} c4
{[%clk 1:27:09]} 6. Bf4 {[%clk 1:08:37]} Nf6 {[%clk 1:26:38]} 7. g3
{[%clk 1:00:53]} Nc6 {[%clk 1:26:18]} 8. Bg2 {[%clk 1:00:20]} Be7
{[%clk 1:26:31]} 9. O-O {[%clk 1:00:15]} Bf5 {[%clk 1:26:34]} 10. b3
{[%clk 0:53:07]} Be6 {[%clk 1:23:59]} 11. Nb5 {[%clk 0:51:55]} Rc8
{[%clk 1:23:39]} 12. Ne5 {[%clk 0:33:07]} Qa5 {[%clk 1:13:44]} 13. Nxc6
{[%clk 0:29:47]} Rxc6 {[%clk 1:13:09]} 14. a4 {[%clk 0:29:01]} O-O
{[%clk 1:12:35]} 15. bxc4 {[%clk 0:24:01]} Rxc4 {[%clk 1:12:22]} 16. Bd6
{[%clk 0:19:06]} Bxd6 {[%clk 1:10:52]} 17. Nxd6 {[%clk 0:19:31]} Rc7
{[%clk 1:08:18]} 18. Nb5 {[%clk 0:19:40]} Rd7 {[%clk 1:08:03]} 19. Qe1
{[%clk 0:15:28]} Qxe1 {[%clk 1:04:42]} 20. Rfxe1 {[%clk 0:15:50]} a6
{[%clk 1:05:05]} 21. Na3 {[%clk 0:12:43]} Rb8 {[%clk 1:04:49]} 22. Rec1
{[%clk 0:09:55]} Re7 {[%clk 1:03:04]} 23. a5 {[%clk 0:07:39]} Bf5
{[%clk 1:02:01]} 24. e3 {[%clk 0:07:32]} h6 {[%clk 1:01:05]} 25. Rc5
{[%clk 0:06:33]} Rd7 {[%clk 1:00:59]} 26. Nb1 {[%clk 0:04:46]} Bxb1
{[%clk 1:01:12]} 27. Rxb1 {[%clk 0:05:10]} Rd6 {[%clk 0:57:26]} 28. Rb2
{[%clk 0:04:49]} Kf8 {[%clk 0:54:54]} 29. Bh3 {[%clk 0:03:16]} Ne4
{[%clk 0:50:11]} 30. Rc8+ {[%clk 0:03:09]} Rxc8 {[%clk 0:50:34]} 31. Bxc8
{[%clk 0:03:35]} Rd8 {[%clk 0:50:22]} 32. Bxb7 {[%clk 0:02:32]} Rd6
{[%clk 0:46:22]} 33. Rb6 {[%clk 0:02:29]} Ke7 {[%clk 0:45:59]} 34. Rxa6
{[%clk 0:02:20]} Rxa6 {[%clk 0:46:20]} 35. Bxa6 {[%clk 0:02:45]} Nd6
{[%clk 0:46:12]} 36. Bb7 {[%clk 0:02:13]} Kd7 {[%clk 0:46:09]} 37. Bxd5
{[%clk 0:02:29]} Kc7 {[%clk 0:46:31]} 38. Kg2 {[%clk 0:02:51]} f6
{[%clk 0:46:50]} 39. Kf3 {[%clk 0:03:07]} g5 {[%clk 0:47:09]} 40. Kg4
{[%clk 0:03:32]} Ne8 {[%clk 0:46:09]} 41. Kh5 {[%clk 0:03:46]} Ng7+
{[%clk 0:46:32]} 42. Kxh6 {[%clk 0:04:09]} Nf5+ {[%clk 0:46:50]} 43. Kh5
{[%clk 0:04:18]} Kb8 {[%clk 0:47:00]} 44. a6 {[%clk 0:04:23]} Ka7
{[%clk 0:47:26]} 45. Bb7 {[%clk 0:04:47]} Ne7 {[%clk 0:47:30]} 46. Kg4 1-0

[Event "Eliminacje Strefowe do MPJ WP+ZP - D-13"]
[Site "Skorzecin"]
[Date "2018.09.26"]
[Round "4.4"]
[White "Nowak, Roksana"]
[Black "Pietrykowska, Agata"]
[Result "1-0"]
[BlackElo "1182"]
[WhiteElo "1337"]
[LiveChessVersion "1.4.8"]

1. e4 {[%clk 1:30:59]} e5 {[%clk 1:30:56]} 2. Nf3 {[%clk 1:31:21]} Nc6
{[%clk 1:31:21]} 3. Bc4 {[%clk 1:31:46]} Bc5 {[%clk 1:31:45]} 4. O-O
{[%clk 1:32:10]} Nf6 {[%clk 1:32:13]} 5. d4 {[%clk 1:32:33]} Bxd4
{[%clk 1:32:29]} 6. Nxd4 {[%clk 1:32:54]} Nxd4 {[%clk 1:32:45]} 7. f4
{[%clk 1:33:19]} Nc6 {[%clk 1:31:56]} 8. Bxf7+ {[%clk 1:32:45]} Ke7
{[%clk 1:28:53]} 9. Bb3 {[%clk 1:28:24]} d6 {[%clk 1:24:25]} 10. f5
{[%clk 1:26:05]} Nd4 {[%clk 1:19:26]} 11. Nc3 {[%clk 1:21:24]} Nxb3
{[%clk 1:09:39]} 12. cxb3 {[%clk 1:21:31]} b6 {[%clk 1:08:26]} 13. Nd5+
{[%clk 1:20:41]} Kd7 {[%clk 1:05:34]} 14. Bg5 {[%clk 1:15:03]} h6
{[%clk 1:04:50]} 15. Bh4 {[%clk 1:15:17]} Bb7 {[%clk 1:02:07]} 16. Rc1
{[%clk 1:09:50]} Bxd5 {[%clk 1:00:56]} 17. Bxf6 {[%clk 1:07:57]} Qxf6
{[%clk 0:59:07]} 18. Qxd5 {[%clk 1:08:19]} Rhc8 {[%clk 0:54:33]} 19. Qc6+
{[%clk 1:07:38]} Ke7 {[%clk 0:54:30]} 20. Rf3 {[%clk 1:07:33]} Qf7
{[%clk 0:51:21]} 21. Rg3 {[%clk 1:05:18]} Kf8 {[%clk 0:47:32]} 22. Rg6
{[%clk 1:00:48]} Kg8 {[%clk 0:44:12]} 23. Rc3 {[%clk 0:57:12]} Kh7
{[%clk 0:36:46]} 24. Rcg3 {[%clk 0:55:11]} Rg8 {[%clk 0:33:21]} 25. Qc1
{[%clk 0:52:17]} Rac8 {[%clk 0:30:19]} 26. Rh3 {[%clk 0:52:18]} Qf8
{[%clk 0:25:58]} 27. g4 {[%clk 0:46:47]} Rh8 {[%clk 0:20:20]} 28. g5
{[%clk 0:45:19]} h5 {[%clk 0:19:14]} 29. Rxh5+ {[%clk 0:44:44]} Kg8
{[%clk 0:19:37]} 30. Qc4+ {[%clk 0:45:00]} Qf7 {[%clk 0:19:46]} 31. Rxh8+
{[%clk 0:45:24]} 1-0

[Event "Eliminacje Strefowe do MPJ WP+ZP - D-13"]
[Site "Skorzecin"]
[Date "2018.09.27"]
[Round "5.1"]
[White "Zalog, Aleksandra"]
[Black "Nowak, Roksana"]
[Result "0-1"]
[BlackElo "1337"]
[WhiteElo "1121"]
[LiveChessVersion "1.4.8"]

1. d4 f5 {[%clk 1:30:53]} 2. c4 {[%clk 1:30:28]} Nf6 {[%clk 1:31:17]} 3. Nc3
{[%clk 1:30:40]} e6 {[%clk 1:31:41]} 4. h3 {[%clk 1:30:52]} Bb4 {[%clk 1:32:00]}
5. Bd2 {[%clk 1:28:55]} b6 {[%clk 1:32:23]} 6. e3 {[%clk 1:28:18]} Bb7
{[%clk 1:32:34]} 7. Nf3 {[%clk 1:28:20]} O-O {[%clk 1:32:23]} 8. Bd3
{[%clk 1:28:16]} d6 {[%clk 1:32:21]} 9. O-O {[%clk 1:27:39]} Bxc3
{[%clk 1:32:29]} 10. Bxc3 {[%clk 1:27:58]} Nbd7 {[%clk 1:32:42]} 11. Bc2
{[%clk 1:23:08]} Qe8 {[%clk 1:31:48]} 12. Re1 {[%clk 1:18:37]} Ne4
{[%clk 1:30:18]} 13. Bb3 {[%clk 1:14:04]} Ndf6 {[%clk 1:26:06]} 14. Ba4
{[%clk 1:12:57]} Qg6 {[%clk 1:21:07]} 15. Bd7 {[%clk 1:12:07]} Nxd7
{[%clk 1:21:25]} 16. Bb4 {[%clk 1:08:50]} a5 {[%clk 1:21:11]} 17. Ba3
{[%clk 1:09:01]} Ng5 {[%clk 1:16:54]} 18. d5 {[%clk 1:07:54]} exd5
{[%clk 1:11:01]} 19. cxd5 {[%clk 1:07:52]} Nxh3+ {[%clk 1:10:59]} 20. Kf1
{[%clk 1:08:00]} Ba6+ {[%clk 1:11:23]} 21. Re2 {[%clk 1:08:06]} Bxe2+
{[%clk 1:10:57]} 22. Qxe2 {[%clk 1:08:30]} Ng5 {[%clk 1:11:16]} 23. Nd4
{[%clk 1:08:36]} Rae8 {[%clk 1:02:05]} 24. Qb5 {[%clk 1:08:36]} Nf6
{[%clk 0:58:05]} 25. Rc1 {[%clk 1:07:47]} Re7 {[%clk 0:56:53]} 26. Nc6
{[%clk 1:06:08]} Rd7 {[%clk 0:57:13]} 27. Nd4 {[%clk 1:04:58]} Qf7
{[%clk 0:56:33]} 28. f4 {[%clk 1:03:54]} Nge4 {[%clk 0:56:26]} 29. Ne6
{[%clk 1:04:16]} Re8 {[%clk 0:56:13]} 30. b4 {[%clk 1:02:22]} axb4
{[%clk 0:56:20]} 31. Bxb4 {[%clk 1:02:27]} Nc5 {[%clk 0:56:31]} 32. Bxc5
{[%clk 1:02:27]} dxc5 {[%clk 0:56:38]} 33. Qc6 {[%clk 1:02:11]} Nxd5
{[%clk 0:55:49]} 34. Ng5 {[%clk 1:02:20]} Nxe3+ {[%clk 0:55:56]} 35. Kg1
{[%clk 1:02:35]} Qd5 {[%clk 0:54:55]} 36. Qxd5+ {[%clk 1:02:14]} Nxd5
{[%clk 0:55:14]} 37. a3 {[%clk 1:02:23]} Nxf4 {[%clk 0:55:21]} 38. g3
{[%clk 1:01:54]} Ne2+ {[%clk 0:55:45]} 39. Kf2 {[%clk 1:02:18]} Nxc1
{[%clk 0:56:11]} 0-1

[Event "Eliminacje Strefowe do MPJ WP+ZP - D-13"]
[Site "Skorzecin"]
[Date "2018.09.27"]
[Round "5.2"]
[White "Franek, Diana"]
[Black "Miranowska, Anna"]
[Result "1/2-1/2"]
[BlackElo "1339"]
[WhiteElo "1247"]
[LiveChessVersion "1.4.8"]

1. e4 {[%clk 1:30:58]} c6 {[%clk 1:30:57]} 2. d4 {[%clk 1:31:22]} d5
{[%clk 1:31:22]} 3. Nc3 {[%clk 1:31:46]} dxe4 {[%clk 1:31:46]} 4. Nxe4
{[%clk 1:32:10]} Nd7 {[%clk 1:32:03]} 5. Nf3 {[%clk 1:32:19]} Ngf6
{[%clk 1:32:19]} 6. Nxf6+ {[%clk 1:32:04]} Nxf6 {[%clk 1:32:43]} 7. Be2
{[%clk 1:31:25]} Bf5 {[%clk 1:31:41]} 8. Bd3 {[%clk 1:31:13]} Bxd3
{[%clk 1:31:25]} 9. Qxd3 {[%clk 1:31:37]} e6 {[%clk 1:31:42]} 10. Bd2
{[%clk 1:30:50]} Qc7 {[%clk 1:29:05]} 11. h3 {[%clk 1:29:36]} O-O-O
{[%clk 1:28:05]} 12. O-O-O {[%clk 1:28:09]} Bd6 {[%clk 1:20:22]} 13. Rhe1
{[%clk 1:27:35]} Bf4 {[%clk 1:16:03]} 14. Bxf4 {[%clk 1:26:55]} Qxf4+
{[%clk 1:16:17]} 15. Qe3 {[%clk 1:27:11]} Nd5 {[%clk 1:12:31]} 16. Qd2
{[%clk 1:20:42]} Qxd2+ {[%clk 1:10:40]} 17. Rxd2 {[%clk 1:20:15]} Nf4
{[%clk 1:09:24]} 18. Rg1 {[%clk 1:17:17]} h6 {[%clk 1:07:01]} 19. h4
{[%clk 1:17:01]} Rd7 {[%clk 1:04:28]} 20. Ne5 {[%clk 1:16:58]} Re7
{[%clk 0:59:26]} 21. g3 {[%clk 1:17:03]} Nd5 {[%clk 0:57:36]} 22. c4
{[%clk 1:16:13]} Nf6 {[%clk 0:53:15]} 23. Re1 {[%clk 1:14:56]} Rd8
{[%clk 0:51:51]} 24. Re3 {[%clk 1:13:44]} Nd7 {[%clk 0:50:40]} 25. Nd3
{[%clk 1:12:47]} Nb6 {[%clk 0:50:40]} 26. Ne5 {[%clk 1:12:23]} Nd7
{[%clk 0:47:20]} 27. Nf3 {[%clk 1:09:56]} Nf6 {[%clk 0:40:18]} 28. Ne5
{[%clk 1:09:44]} Rc7 {[%clk 0:36:18]} 29. Ra3 {[%clk 1:09:27]} a6
{[%clk 0:34:50]} 30. Re3 {[%clk 1:09:21]} Re7 {[%clk 0:34:54]} 31. a4
{[%clk 1:09:21]} Nd7 {[%clk 0:34:23]} 32. Nf3 {[%clk 1:06:46]} Nb6
{[%clk 0:28:52]} 33. b3 {[%clk 1:07:05]} Rc7 {[%clk 0:21:42]} 34. Re1
{[%clk 1:06:16]} Nd7 {[%clk 0:21:10]} 35. Kb2 {[%clk 1:06:08]} Nf6
{[%clk 0:19:39]} 36. Ne5 {[%clk 1:05:04]} Re7 {[%clk 0:19:29]} 37. Kc3
{[%clk 1:03:39]} Nd7 {[%clk 0:19:01]} 38. Nxd7 {[%clk 1:02:18]} Rexd7
{[%clk 0:19:23]} 39. Red1 {[%clk 1:02:43]} Kc7 {[%clk 0:18:26]} 40. b4
{[%clk 1:02:06]} b5 {[%clk 0:13:39]} 41. c5 {[%clk 1:01:29]} h5 {[%clk 0:09:30]}
42. a5 {[%clk 1:01:17]} Rd5 {[%clk 0:09:45]} 43. f4 {[%clk 1:01:21]} g6
{[%clk 0:09:18]} 44. Re1 {[%clk 1:01:33]} Kd7 {[%clk 0:08:36]} 45. Re5
{[%clk 1:00:04]} Ke7 {[%clk 0:08:26]} 46. Rxd5 {[%clk 0:59:59]} Rxd5
{[%clk 0:08:50]} 47. Kd3 {[%clk 0:59:28]} Kf6 {[%clk 0:09:14]} 48. Ke3
{[%clk 0:59:48]} Kf5 {[%clk 0:09:06]} 49. Kf3 {[%clk 0:59:55]} f6
{[%clk 0:09:09]} 50. Rd3 {[%clk 0:59:00]} e5 {[%clk 0:09:10]} 51. Ke3
{[%clk 0:56:05]} Rxd4 {[%clk 0:08:56]} 52. fxe5 {[%clk 0:54:43]} Re4+
{[%clk 0:07:45]} 53. Kf3 {[%clk 0:54:26]} Rxe5 {[%clk 0:07:13]} 54. Rd6
{[%clk 0:54:13]} Re6 {[%clk 0:07:38]} 55. Rd4 {[%clk 0:54:12]} g5
{[%clk 0:05:49]} 56. hxg5 {[%clk 0:54:04]} fxg5 {[%clk 0:06:13]} 57. g4+
{[%clk 0:52:25]} hxg4+ {[%clk 0:06:38]} 58. Rxg4 {[%clk 0:50:03]} Rg6
{[%clk 0:06:21]} 59. Rd4 {[%clk 0:50:06]} g4+ {[%clk 0:05:10]} 60. Kg3
{[%clk 0:50:06]} Ke5 {[%clk 0:04:43]} 61. Rd8 {[%clk 0:49:36]} Ke4
{[%clk 0:04:54]} 62. Rd6 {[%clk 0:49:11]} Kf5 {[%clk 0:02:14]} 63. Rd8
{[%clk 0:33:37]} Ke5 {[%clk 0:02:37]} 64. Ra8 {[%clk 0:33:15]} Kd4
{[%clk 0:03:00]} 65. Rxa6 {[%clk 0:33:18]} Kc4 {[%clk 0:03:26]} 66. Rb6
{[%clk 0:32:50]} Kxb4 {[%clk 0:01:21]} 67. a6 {[%clk 0:33:13]} Rg8
{[%clk 0:01:48]} 68. Rxc6 {[%clk 0:32:09]} Ka5 {[%clk 0:01:32]} 69. a7
{[%clk 0:29:51]} Ra8 {[%clk 0:01:54]} 70. Rc7 {[%clk 0:27:29]} Ka6
{[%clk 0:02:16]} 71. Rc6+ {[%clk 0:26:05]} Ka5 {[%clk 0:02:20]} 72. Rc7
{[%clk 0:25:53]} Ka6 {[%clk 0:02:12]} 73. Rc6+ {[%clk 0:24:23]} Kxa7
{[%clk 0:02:34]} 74. Rb6 {[%clk 0:24:35]} Rb8 {[%clk 0:03:00]} 75. Re6
{[%clk 0:23:21]} Rc8 {[%clk 0:03:03]} 76. c6 {[%clk 0:21:20]} Kb6
{[%clk 0:03:19]} 77. Kxg4 {[%clk 0:20:00]} Rxc6 {[%clk 0:03:40]} 78. Re1
{[%clk 0:20:14]} Rf6 {[%clk 0:03:41]} 79. Kg5 {[%clk 0:20:07]} Rf2
{[%clk 0:03:46]} 80. Rb1 {[%clk 0:19:18]} Kc5 {[%clk 0:04:12]} 81. Rc1+
{[%clk 0:19:32]} Kb4 {[%clk 0:04:37]} 82. Rb1+ {[%clk 0:19:56]} Kc4
{[%clk 0:04:59]} 83. Rc1+ {[%clk 0:20:17]} Kb3 {[%clk 0:05:20]} 84. Rb1+
{[%clk 0:19:55]} Rb2 {[%clk 0:05:44]} 85. Rc1 {[%clk 0:20:09]} b4
{[%clk 0:05:50]} 86. Kf4 {[%clk 0:20:24]} Ka2 {[%clk 0:06:15]} 87. Ke3
{[%clk 0:20:44]} b3 {[%clk 0:06:18]} 88. Kd3 {[%clk 0:20:51]} Rb1
{[%clk 0:06:04]} 89. Rc3 {[%clk 0:20:05]} b2 {[%clk 0:05:20]} 90. Kd2
{[%clk 0:19:32]} Rd1+ {[%clk 0:05:02]} 91. Kxd1 {[%clk 0:19:26]} b1=Q+
{[%clk 0:05:25]} 92. Kd2 {[%clk 0:19:19]} Qb4 {[%clk 0:05:41]} 93. Kd3
{[%clk 0:19:17]} Qd6+ {[%clk 0:05:58]} 94. Kc4 {[%clk 0:18:46]} Kb2
{[%clk 0:05:56]} 95. Rb3+ {[%clk 0:18:54]} Ka2 {[%clk 0:06:21]} 96. Rd3
{[%clk 0:18:26]} Qe5 {[%clk 0:06:16]} 97. Rd2+ {[%clk 0:17:44]} Ka3
{[%clk 0:05:57]} 98. Rd3+ {[%clk 0:17:59]} Ka4 {[%clk 0:05:51]} 99. Rd5
{[%clk 0:17:30]} Qe4+ {[%clk 0:05:26]} 100. Kc5 {[%clk 0:17:43]} Qb4+
{[%clk 0:05:36]} 101. Kc6 {[%clk 0:17:55]} Qc3+ {[%clk 0:05:53]} 102. Rc5
{[%clk 0:17:30]} Qf3+ {[%clk 0:06:12]} 103. Kd6 {[%clk 0:17:16]} Kb4
{[%clk 0:06:19]} 104. Re5 {[%clk 0:16:45]} Qf6+ {[%clk 0:06:07]} 105. Re6
{[%clk 0:17:05]} Qd4+ {[%clk 0:06:32]} 106. Ke7 {[%clk 0:17:18]} Kc5
{[%clk 0:06:45]} 107. Kf7 {[%clk 0:17:13]} Qd5 {[%clk 0:06:24]} 108. Kf6
{[%clk 0:17:35]} Kd4 {[%clk 0:06:31]} 109. Ke7 {[%clk 0:17:31]} Qg5+
{[%clk 0:06:57]} 110. Kd7 {[%clk 0:17:29]} Kc5 {[%clk 0:06:48]} 111. Rc6+
{[%clk 0:17:29]} Kb5 {[%clk 0:07:10]} 112. Re6 {[%clk 0:17:25]} Qd5+
{[%clk 0:07:00]} 113. Ke7 {[%clk 0:17:21]} Qg5+ {[%clk 0:07:08]} 114. Kf7
{[%clk 0:17:22]} Kc5 {[%clk 0:07:25]} 115. Rg6 {[%clk 0:17:11]} Qd5+
{[%clk 0:07:15]} 116. Kf6 {[%clk 0:17:19]} Kd6 {[%clk 0:07:22]} 117. Kg7+
{[%clk 0:17:27]} Ke7 {[%clk 0:07:46]} 118. Kh6 {[%clk 0:17:26]} Kf8
{[%clk 0:07:15]} 119. Rf6+ {[%clk 0:17:30]} Ke7 {[%clk 0:07:14]} 120. Rg6
{[%clk 0:17:53]} Qf5 {[%clk 0:06:43]} 121. Rg5 {[%clk 0:17:43]} Qf4
{[%clk 0:07:03]} 122. Kh5 {[%clk 0:17:54]} Kf6 {[%clk 0:07:22]} 123. Rg6+
{[%clk 0:15:47]} Kf5 {[%clk 0:06:27]} 124. Rf6+ {[%clk 0:15:09]} Kxf6
{[%clk 0:06:27]} 1/2-1/2

[Event "Eliminacje Strefowe do MPJ WP+ZP - D-13"]
[Site "Skorzecin"]
[Date "2018.09.27"]
[Round "5.4"]
[White "Rozumek, Paulina"]
[Black "Cieslak, Emilia"]
[Result "0-1"]
[BlackElo "1137"]
[WhiteElo "1023"]
[LiveChessVersion "1.4.8"]

1. Nf3 Nf6 {[%clk 1:30:53]} 2. b3 {[%clk 1:31:18]} d5 {[%clk 1:30:37]} 3. Bb2
{[%clk 1:31:18]} Bf5 {[%clk 1:28:58]} 4. e3 {[%clk 1:29:49]} e6 {[%clk 1:28:02]}
5. g3 {[%clk 1:29:17]} Be7 {[%clk 1:25:33]} 6. Bg2 {[%clk 1:29:20]} O-O
{[%clk 1:23:46]} 7. O-O {[%clk 1:29:26]} Nc6 {[%clk 1:21:31]} 8. d3
{[%clk 1:27:48]} Re8 {[%clk 1:19:10]} 9. Nbd2 {[%clk 1:27:18]} Bd6
{[%clk 1:15:51]} 10. Re1 {[%clk 1:25:43]} e5 {[%clk 1:11:19]} 11. e4
{[%clk 1:23:43]} dxe4 {[%clk 1:11:04]} 12. dxe4 {[%clk 1:23:49]} Bg6
{[%clk 1:10:52]} 13. Qe2 {[%clk 1:17:27]} Bh5 {[%clk 1:05:55]} 14. Qb5
{[%clk 1:12:57]} Qc8 {[%clk 1:00:34]} 15. Qd3 {[%clk 1:07:27]} Rd8
{[%clk 0:52:43]} 16. Qe3 {[%clk 1:05:38]} h6 {[%clk 0:47:27]} 17. Nc4
{[%clk 1:02:58]} Ng4 {[%clk 0:46:39]} 18. Qe2 {[%clk 1:02:13]} Bc5
{[%clk 0:44:45]} 19. Rf1 {[%clk 1:00:46]} Bd4 {[%clk 0:38:12]} 20. Bxd4
{[%clk 0:59:39]} exd4 {[%clk 0:38:05]} 21. Bh3 {[%clk 0:58:49]} Qe6
{[%clk 0:34:56]} 22. Rad1 {[%clk 0:57:17]} f5 {[%clk 0:33:30]} 23. e5
{[%clk 0:56:07]} Ngxe5 {[%clk 0:32:33]} 24. Ncxe5 {[%clk 0:55:50]} Nxe5
{[%clk 0:31:41]} 25. Rde1 {[%clk 0:47:05]} Nxf3+ {[%clk 0:30:13]} 26. Kh1
{[%clk 0:47:03]} Qxe2 {[%clk 0:30:16]} 27. Rxe2 {[%clk 0:47:23]} Ng5
{[%clk 0:29:52]} 28. Re5 {[%clk 0:46:56]} Nxh3 {[%clk 0:29:07]} 29. f4
{[%clk 0:46:38]} Bg4 {[%clk 0:26:09]} 30. Kg2 {[%clk 0:45:19]} Re8
{[%clk 0:26:16]} 31. Rfe1 {[%clk 0:45:07]} Kf7 {[%clk 0:26:10]} 32. a4
{[%clk 0:43:44]} Rxe5 {[%clk 0:26:27]} 33. fxe5 {[%clk 0:43:01]} Re8
{[%clk 0:26:04]} 34. b4 {[%clk 0:42:09]} Ke6 {[%clk 0:26:03]} 35. a5
{[%clk 0:42:08]} Kd5 {[%clk 0:25:33]} 36. b5 {[%clk 0:42:28]} Rxe5
{[%clk 0:25:43]} 37. Rxe5+ {[%clk 0:40:24]} Kxe5 {[%clk 0:26:07]} 38. b6
{[%clk 0:40:37]} cxb6 {[%clk 0:26:23]} 39. axb6 {[%clk 0:40:45]} a5
{[%clk 0:26:48]} 40. Kf1 {[%clk 0:40:38]} a4 {[%clk 0:27:12]} 41. Kg2
{[%clk 0:40:59]} a3 {[%clk 0:27:35]} 42. Kf1 {[%clk 0:41:18]} a2 {[%clk 0:28:00]}
43. c3 {[%clk 0:40:48]} a1=Q+ {[%clk 0:28:21]} 44. Kg2 {[%clk 0:41:15]} Qb2+
{[%clk 0:28:39]} 45. Kf1 {[%clk 0:41:29]} Qe2# 0-1

[Event "Eliminacje Strefowe do MPJ WP+ZP - D-13"]
[Site "Skorzecin"]
[Date "2018.09.27"]
[Round "6.2"]
[White "Miranowska, Anna"]
[Black "Barwinska, Ewa"]
[Result "1/2-1/2"]
[BlackElo "1532"]
[WhiteElo "1339"]
[LiveChessVersion "1.4.8"]

1. d4 {[%clk 1:30:57]} d5 {[%clk 1:30:49]} 2. c4 {[%clk 1:31:20]} e6
{[%clk 1:31:08]} 3. Nc3 {[%clk 1:31:44]} Nf6 {[%clk 1:31:24]} 4. Bg5
{[%clk 1:32:11]} Nbd7 {[%clk 1:30:32]} 5. e3 {[%clk 1:31:46]} c6 {[%clk 1:30:40]}
6. cxd5 {[%clk 1:32:02]} exd5 {[%clk 1:30:26]} 7. Nf3 {[%clk 1:31:41]} h6
{[%clk 1:29:02]} 8. Bh4 {[%clk 1:31:58]} Be7 {[%clk 1:28:24]} 9. Bd3
{[%clk 1:31:37]} O-O {[%clk 1:27:44]} 10. O-O {[%clk 1:31:55]} Ne4
{[%clk 1:22:26]} 11. Bxe7 {[%clk 1:31:18]} Qxe7 {[%clk 1:22:48]} 12. Qc2
{[%clk 1:30:24]} Ng5 {[%clk 1:18:14]} 13. Nxg5 {[%clk 1:29:43]} Qxg5
{[%clk 1:18:33]} 14. b4 {[%clk 1:29:17]} Nf6 {[%clk 1:06:24]} 15. Kh1
{[%clk 1:28:07]} Ng4 {[%clk 1:00:03]} 16. h3 {[%clk 1:27:50]} Qh4
{[%clk 0:52:25]} 17. Kg1 {[%clk 1:27:04]} Nf6 {[%clk 0:52:44]} 18. Rab1
{[%clk 1:16:23]} Bd7 {[%clk 0:47:42]} 19. b5 {[%clk 1:14:33]} cxb5
{[%clk 0:46:18]} 20. Bxb5 {[%clk 1:14:38]} Be6 {[%clk 0:45:22]} 21. Bd3
{[%clk 1:14:29]} b6 {[%clk 0:44:27]} 22. Rfc1 {[%clk 1:13:23]} Qg5
{[%clk 0:42:48]} 23. Kh1 {[%clk 1:11:57]} Rac8 {[%clk 0:40:15]} 24. Qe2
{[%clk 1:10:47]} Bf5 {[%clk 0:38:56]} 25. Bxf5 {[%clk 1:10:31]} Qxf5
{[%clk 0:39:13]} 26. Nb5 {[%clk 1:07:00]} Qd7 {[%clk 0:38:08]} 27. Nc3
{[%clk 1:04:29]} Qf5 {[%clk 0:38:21]} 28. Nb5 {[%clk 0:58:39]} Ne4
{[%clk 0:32:27]} 29. Nxa7 {[%clk 0:48:47]} Rxc1+ {[%clk 0:30:49]} 30. Rxc1
{[%clk 0:49:05]} Nxf2+ {[%clk 0:28:34]} 31. Kg1 {[%clk 0:48:49]} Ne4
{[%clk 0:28:05]} 32. Nc6 {[%clk 0:42:39]} 1/2-1/2

[Event "Eliminacje Strefowe do MPJ WP+ZP - D-13"]
[Site "Skorzecin"]
[Date "2018.09.27"]
[Round "6.3"]
[White "Nowak, Roksana"]
[Black "Franek, Diana"]
[Result "1/2-1/2"]
[BlackElo "1247"]
[WhiteElo "1337"]
[LiveChessVersion "1.4.8"]

1. f4 {[%clk 1:30:30]} Nf6 {[%clk 1:30:30]} 2. Nf3 {[%clk 1:30:30]} g6
{[%clk 1:30:30]} 3. b3 {[%clk 1:30:30]} Nc6 {[%clk 1:30:05]} 4. e3
{[%clk 1:30:35]} d6 {[%clk 1:30:02]} 5. Bb5 {[%clk 1:30:57]} Bd7 {[%clk 1:30:17]}
6. Bb2 {[%clk 1:31:07]} a6 {[%clk 1:30:15]} 7. Bxc6 {[%clk 1:31:30]} Bxc6
{[%clk 1:30:37]} 8. O-O {[%clk 1:31:35]} Qd7 {[%clk 1:29:31]} 9. d3
{[%clk 1:30:24]} Bg7 {[%clk 1:28:51]} 10. Qe1 {[%clk 1:30:05]} O-O
{[%clk 1:28:32]} 11. Nbd2 {[%clk 1:30:12]} Rfe8 {[%clk 1:28:21]} 12. Rc1
{[%clk 1:28:35]} b5 {[%clk 1:26:12]} 13. c4 {[%clk 1:25:51]} Bxf3
{[%clk 1:26:08]} 14. Nxf3 {[%clk 1:25:37]} c6 {[%clk 1:25:14]} 15. Qe2
{[%clk 1:21:26]} Qa7 {[%clk 1:23:10]} 16. Bd4 {[%clk 1:18:54]} c5
{[%clk 1:23:21]} 17. Ba1 {[%clk 1:19:16]} Nd7 {[%clk 1:23:25]} 18. Bxg7
{[%clk 1:18:40]} Kxg7 {[%clk 1:23:46]} 19. Qb2+ {[%clk 1:19:00]} Kg8
{[%clk 1:24:08]} 20. Ng5 {[%clk 1:19:02]} h6 {[%clk 1:24:00]} 21. Ne4
{[%clk 1:17:51]} f5 {[%clk 1:23:08]} 22. Ng3 {[%clk 1:16:30]} Kf7
{[%clk 1:21:06]} 23. e4 {[%clk 1:14:19]} e6 {[%clk 1:21:00]} 24. Rce1
{[%clk 1:13:46]} Nf6 {[%clk 1:19:06]} 25. h3 {[%clk 1:11:51]} b4 {[%clk 1:18:18]}
26. Qf2 {[%clk 1:09:53]} a5 {[%clk 1:18:01]} 27. e5 {[%clk 1:08:15]} dxe5
{[%clk 1:18:18]} 28. fxe5 {[%clk 1:08:27]} Nd7 {[%clk 1:18:05]} 29. Qd2
{[%clk 1:06:35]} Kg7 {[%clk 1:17:59]} 30. Kh2 {[%clk 1:04:08]} Qc7
{[%clk 1:17:28]} 31. d4 {[%clk 0:58:28]} cxd4 {[%clk 1:15:50]} 32. Qxd4
{[%clk 0:55:59]} Rad8 {[%clk 1:15:44]} 33. Qf2 {[%clk 0:47:04]} Nc5
{[%clk 1:14:26]} 34. Qe3 {[%clk 0:43:48]} 1/2-1/2